<?xml version="1.0" encoding="UTF-8"?>
<record
    xmlns:xsi="http://www.w3.org/2001/XMLSchema-instance"
    xsi:schemaLocation="http://www.loc.gov/MARC21/slim http://www.loc.gov/standards/marcxml/schema/MARC21slim.xsd"
    xmlns="http://www.loc.gov/MARC21/slim">

  <leader>00760nam a22002417a 4500</leader>
  <controlfield tag="005">20170124105946.0</controlfield>
  <datafield tag="010" ind1=" " ind2=" ">
    <subfield code="a">677843</subfield>
  </datafield>
  <datafield tag="020" ind1=" " ind2=" ">
    <subfield code="c">35.00</subfield>
  </datafield>
  <datafield tag="035" ind1=" " ind2=" ">
    <subfield code="a">677843</subfield>
  </datafield>
  <datafield tag="037" ind1=" " ind2=" ">
    <subfield code="b">Cen Lib/Ret</subfield>
  </datafield>
  <datafield tag="040" ind1=" " ind2=" ">
    <subfield code="a">DPL</subfield>
    <subfield code="b">EN</subfield>
  </datafield>
  <datafield tag="082" ind1=" " ind2=" ">
    <subfield code="a">220.21</subfield>
    <subfield code="b">KAE</subfield>
  </datafield>
  <datafield tag="100" ind1=" " ind2=" ">
    <subfield code="a">Kaegi, Adolf</subfield>
    <subfield code="9">12285</subfield>
  </datafield>
  <datafield tag="245" ind1=" " ind2=" ">
    <subfield code="a">The Rigveda :</subfield>
    <subfield code="c">by Adolf Kaegi [and] R. Arrowsmith </subfield>
    <subfield code="b">the oldest literature of the indians</subfield>
  </datafield>
  <datafield tag="260" ind1=" " ind2=" ">
    <subfield code="a">New Delhi </subfield>
    <subfield code="b">Amarko Book Agency </subfield>
    <subfield code="c">1972</subfield>
  </datafield>
  <datafield tag="270" ind1=" " ind2=" ">
    <subfield code="a">B-42, amar colony, lajpat nagar</subfield>
    <subfield code="b">New Delhi</subfield>
    <subfield code="e">110024</subfield>
  </datafield>
  <datafield tag="300" ind1=" " ind2=" ">
    <subfield code="a">vi,198p. :</subfield>
    <subfield code="c">21cm(Hb)</subfield>
  </datafield>
  <datafield tag="500" ind1=" " ind2=" ">
    <subfield code="a">Includes bibliographical references and index  </subfield>
  </datafield>
  <datafield tag="650" ind1=" " ind2=" ">
    <subfield code="a">Hinduism</subfield>
    <subfield code="9">104469</subfield>
  </datafield>
  <datafield tag="650" ind1=" " ind2=" ">
    <subfield code="a">Rigvedas </subfield>
    <subfield code="9">104470</subfield>
  </datafield>
  <datafield tag="700" ind1=" " ind2=" ">
    <subfield code="a">Arrowsmith, R.</subfield>
    <subfield code="9">12288</subfield>
  </datafield>
  <datafield tag="942" ind1=" " ind2=" ">
    <subfield code="2">ddc</subfield>
    <subfield code="c">EN</subfield>
    <subfield code="h">220.21</subfield>
    <subfield code="m">KAE</subfield>
  </datafield>
  <datafield tag="999" ind1=" " ind2=" ">
    <subfield code="c">124891</subfield>
    <subfield code="d">124891</subfield>
  </datafield>
  <datafield tag="952" ind1=" " ind2=" ">
    <subfield code="0">0</subfield>
    <subfield code="1">0</subfield>
    <subfield code="4">0</subfield>
    <subfield code="7">0</subfield>
    <subfield code="a">L</subfield>
    <subfield code="b">L</subfield>
    <subfield code="d">2015-06-18</subfield>
    <subfield code="e">Cen Lib/Ret</subfield>
    <subfield code="g">35.00</subfield>
    <subfield code="l">1</subfield>
    <subfield code="m">2</subfield>
    <subfield code="o">220.21 KAE</subfield>
    <subfield code="p">677843</subfield>
    <subfield code="r">2021-03-31 00:00:00</subfield>
    <subfield code="s">2021-02-27</subfield>
    <subfield code="t">1</subfield>
    <subfield code="v">35.00</subfield>
    <subfield code="w">2015-06-18</subfield>
    <subfield code="y">EN</subfield>
  </datafield>
  <datafield tag="952" ind1=" " ind2=" ">
    <subfield code="0">0</subfield>
    <subfield code="1">0</subfield>
    <subfield code="4">0</subfield>
    <subfield code="7">0</subfield>
    <subfield code="a">L</subfield>
    <subfield code="b">L</subfield>
    <subfield code="d">2015-06-19</subfield>
    <subfield code="e">Cen Lib/Ret</subfield>
    <subfield code="g">35.00</subfield>
    <subfield code="l">5</subfield>
    <subfield code="o">220.21 KAE</subfield>
    <subfield code="p">677844</subfield>
    <subfield code="r">2019-03-24 00:00:00</subfield>
    <subfield code="s">2019-03-12</subfield>
    <subfield code="t">1</subfield>
    <subfield code="v">35.00</subfield>
    <subfield code="w">2015-06-19</subfield>
    <subfield code="y">EN</subfield>
  </datafield>
</record>
